LEADER 01530nam a2200361 u 4500 001 000000005736 003 CaOOAMICUS 005 20140108151620.0 008 940514s1967 it u000 u ita u 035 $a10146198 040 $aPUL(R)$bita 100 1 $aDe Ruggiero, Guido,$d1888-1948.$0(OLS)http://pul/name/5898 245 13$aLa filosofia del Cristianesimo /$cGuido de Ruggiero. 250 $a8a ed. 260 $aBari :$bLaterza,$c1967. 300 $a2 v. ;$c20 cm 490 1 $aUniversale Laterza ;$v72-73 490 1 $aStoria della filosofia 504 $aBibliography: p. 681-[704] 650 4$aFilosofia$xStoria.$0(OLS)http://pul/subject/580 650 0$aScholasticism.$0(OLS)http://pul/subject/5149 650 0$aChristianity$xPhilosophy.$0(OLS)http://pul/subject/4909 650 0$aPhilosophy, Medieval$xHistory.$0(OLS)http://pul/subject/8642 830 0$aUniversale Laterza ;$v72-73.$0(OLS)http://pul/title/569 830 0$aStoria della filosofia.$0(OLS)http://pul/title/8415 850 $aPUL 852 $aPUL$W1$xSL Filosofia 1$y2$m84 I 27-28$j8044$nBK-PRI$b $qStampati$B8044$CPULBib$Z2$F8044 $H $81 852 $aPUL$W1$xSL Filosofia 1$y2$m84 I 27-28$j8044$nBK-PRI$b $qStampati$B8045$CPULBib$Z2$F8045 $H $81 941 1 $a8 961 $aINV: 29756-7 961 $aINV: 29756-7 996 $6245$aLa filosofia del Cristianesimo$9(OLS)http://pul/title/8414 996 $6260$aBari :$bLaterza$9(OLS)http://pul/publisher/47895 LEADER 01102nam a2200289 u 4500 001 000000046824 003 CaOOAMICUS 005 20070226114821.0 008 990720s1981 it u000 u ita u 035 $a10830328 040 $aPUL(R)$bita 100 1 $aGoffi, Tullo,$csac.,$d1916-1996.$0(OLS)http://pul/name/3728 245 10$aEtica sessuale cristiana /$cTullo Goffi. 250 $a2. ed. 260 $aBologna :$bEdizioni Dehoniane,$c1981. 300 $a133 p. ;$c19 cm 490 1 $aStudi e ricerche ;$v14 500 $aContiene indici. 504 $aBibliografia in nota. 650 4$aEtica sessuale.$0(OLS)http://pul/subject/9802 830 0$aCollana Studi e ricerche (Edizioni dehoniane Bologna) ;$v14.$0(OLS)http://pul/title/38752 850 $aPUL 852 $aPUL$W1$xSL Religione 1$y3$m39 D 132$j62668$nBK-PRI$b $qStampati$B62668$CPULBib$Z2$F62668 $H $81 941 1 $a8 961 $aINV: 65691 996 $6245$aEtica sessuale cristiana$9(OLS)http://pul/title/63050 996 $6260$aBologna :$bEdizioni Dehoniane$9(OLS)http://pul/publisher/48070